Complex coefficient active disturbance rejection controller for current harmonics suppression of IPMSM drives / (Record no. 19812)
[ view plain ]
| 000 -LEADER | |
|---|---|
| fixed length control field | 01114nam a22002537a 4500 |
| 003 - CONTROL NUMBER IDENTIFIER | |
| control field | OSt |
| 005 - DATE AND TIME OF LATEST TRANSACTION | |
| control field | 20250916175735.0 |
| 008 - FIXED-LENGTH DATA ELEMENTS--GENERAL INFORMATION | |
| fixed length control field | 240322b ||||| |||| 00| 0 eng d |
| 040 ## - CATALOGING SOURCE | |
| Transcribing agency | 0 |
| 082 ## - DEWEY DECIMAL CLASSIFICATION NUMBER | |
| Classification number | DPer 621.381 In821 September 2022 v. 37 n. 9 |
| 100 ## - MAIN ENTRY--PERSONAL NAME | |
| Personal name | Yang, Fan. |
| Relator term | author. |
| 9 (RLIN) | 55235 |
| 245 ## - TITLE STATEMENT | |
| Title | Complex coefficient active disturbance rejection controller for current harmonics suppression of IPMSM drives / |
| Statement of responsibility, etc. | Fan Yang, Feng Jiang, Zhijie Xu, Lingfeng Qiu, Baichuan Xu, Yahui Zhang, and Kai Yang. |
| 260 ## - PUBLICATION, DISTRIBUTION, ETC. (IMPRINT) | |
| Place of publication, distribution, etc. | New York ; |
| Name of publisher, distributor, etc. | The Institute of Electrical and Electronics Engineers, Inc. , |
| Date of publication, distribution, etc. | September 2022. |
| 300 ## - PHYSICAL DESCRIPTION | |
| Extent | Volume 37, pages 10443-10454 : |
| Other physical details | illustration ; |
| Dimensions | 28 cm. |
| 500 ## - GENERAL NOTE | |
| General note | IEEE Transitions on Power Electronics, v. 37 n. 9, pages 10443-10454, September 2022. |
| 700 ## - ADDED ENTRY--PERSONAL NAME | |
| Personal name | Yang, Fan. |
| Relator term | author. |
| 9 (RLIN) | 55235 |
| 700 ## - ADDED ENTRY--PERSONAL NAME | |
| Personal name | Jiang, Feng. |
| Relator term | author. |
| 9 (RLIN) | 55236 |
| 700 ## - ADDED ENTRY--PERSONAL NAME | |
| Personal name | Xu, Zhijie. |
| Relator term | author. |
| 9 (RLIN) | 55237 |
| 700 ## - ADDED ENTRY--PERSONAL NAME | |
| Personal name | Qiu, Lingfeng. |
| Relator term | author. |
| 9 (RLIN) | 55238 |
| 700 ## - ADDED ENTRY--PERSONAL NAME | |
| Personal name | Xu, Baichuan. |
| Relator term | author. |
| 9 (RLIN) | 55239 |
| 700 ## - ADDED ENTRY--PERSONAL NAME | |
| Personal name | Zhang, Yahui. |
| Relator term | author. |
| 9 (RLIN) | 55240 |
| 700 ## - ADDED ENTRY--PERSONAL NAME | |
| Personal name | Yang, Kai. |
| Relator term | author. |
| 9 (RLIN) | 55241 |
| 942 ## - ADDED ENTRY ELEMENTS (KOHA) | |
| Source of classification or shelving scheme | Dewey Decimal Classification |
| Koha item type | Periodicals |
| Withdrawn status | Lost status | Source of classification or shelving scheme | Damaged status | Not for loan | Collection code | Home library | Current library | Date acquired | Total Checkouts | Full call number | Date last seen | Price effective from | Koha item type | Public note |
|---|---|---|---|---|---|---|---|---|---|---|---|---|---|---|
| Dewey Decimal Classification | Periodicals | UM Digos College - LIC | UM Digos College - LIC | 03/22/2024 | DPer 621.381 In821 September 2022 v. 37 n. 9 | 03/22/2024 | 03/22/2024 | Periodicals | Periodical Article |
